| 000 | 00348 a2200133 4500 | ||
|---|---|---|---|
| 020 | _a0201845547 | ||
| 090 |
_c1451 _d1451 |
||
| 100 | _aJones, Gareth R | ||
| 245 |
_aOrganizational theory _bText and Cases |
||
| 260 |
_aUSA _bAddison Wesley Publishing Company, Inc _c1995 |
||
| 300 | _a706 p. | ||
| 500 | _aPapercover | ||
| 942 |
_aNBS _cBK _k302.3 JON |
||
| 999 |
_c343973 _d343973 |
||